[Event "Peter Stuart Memorial Open 2025"]
[Site "Takapuna, Auckland, New Zealan"]
[Date "2025.06.21"]
[Round "5.2"]
[White "Liu, William Rui"]
[Black "Mao, Daqi"]
[Result "1/2-1/2"]
[WhiteElo "2031"]
[BlackElo "2151"]
[WhiteFideId "-1"]
[WhiteFideId "-1"]
[PlyCount "124"]
[GameId "2191334059368448"]
[EventDate "2025.??.??"]

1. e4 e6 2. d4 d5 3. Nd2 dxe4 4. Nxe4 Nd7 5. Nf3 Ngf6 6. Nxf6+ Nxf6 7. c3 c5 8. Ne5 a6 9. Qa4+ Bd7 10. Nxd7 Qxd7 11. Qxd7+ Nxd7 12. Be3 cxd4 13. Bxd4 e5 14. Be3 Bc5 15. Bxc5 Nxc5 16. Bc4 O-O-O 17. Ke2 b5 18. Bb3 Nd3 19. Rab1 Nf4+ 20. Kf3 Rd3+ 21. Ke4 Rd2 22. g3 Nh3 23. Rhf1 Rhd8 24. Kf3 Ng5+ 25. Kg2 f6 26. Rfe1 R8d3 27. h4 Nf3 28. Red1 e4 29. Rxd2 Nxd2 30. Re1 Nxb3 31. axb3 f5 32. Re2 g6 33. Kf1 Kc7 34. Ke1 h6 35. Rd2 Rf3 36. Ke2 f4 37. Rd4 fxg3 38. fxg3 Rxg3 39. Rxe4 Rg2+ 40. Kd3 Rxb2 41. Re6 Rg2 42. Rxa6 h5 43. Kd4 Rg3 44. Rf6 Kb7 45. Re6 b4 46. cxb4 Rxb3 47. Kc5 Rh3 48. Rxg6 Rxh4 49. Rg7+ Kc8 50. b5 Rg4 51. Rh7 Rg6 52. b6 Rg5+ 53. Kc6 Rg6+ 54. Kb5 Rg1 55. Rxh5 Rb1+ 56. Ka6 Ra1+ 57. Kb5 Rb1+ 58. Kc6 Rc1+ 59. Rc5 Rxc5+ 60. Kxc5 Kb7 61. Kc4 Kc6 62. Kd3 Kxb6 1/2-1/2

[Event "Peter Stuart Memorial Open 2025"]
[Site "Takapuna, Auckland, New Zealan"]
[Date "2025.06.21"]
[Round "5.3"]
[White "Ha, Timothy Huy Minh"]
[Black "Ang, Alphaeus Wei Ern"]
[Result "0-1"]
[WhiteElo "1746"]
[BlackElo "2377"]
[WhiteFideId "-1"]
[WhiteFideId "-1"]
[PlyCount "64"]
[GameId "2191334059372544"]
[EventDate "2025.??.??"]

1. d4 Nf6 2. Nf3 g6 3. e3 Bg7 4. Be2 O-O 5. O-O d6 6. b3 a5 7. a4 Nc6 8. Bb2 e5 9. dxe5 Ng4 10. Na3 Ngxe5 11. Nxe5 Nxe5 12. f4 Nf3+ 13. Bxf3 Bxb2 14. Ra2 Bg7 15. Bg4 f5 16. Bf3 c6 17. c4 Qb6 18. Qd3 Re8 19. Re2 Be6 20. Nc2 Rad8 21. Kh1 d5 22. cxd5 Bxd5 23. Bxd5+ Rxd5 24. Qc4 Re4 25. Nd4 Bxd4 26. exd4 Qxd4 27. Rxe4 fxe4 28. Qe2 Qd3 29. Qe1 e3 30. h3 Qe4 31. f5 e2 32. Rg1 Rd1 0-1

[Event "Peter Stuart Memorial Open 2025"]
[Site "Takapuna, Auckland, New Zealan"]
[Date "2025.06.21"]
[Round "5.4"]
[White "Jin, Yanbo"]
[Black "Preeyansh Roul"]
[Result "1-0"]
[WhiteElo "1973"]
[BlackElo "1937"]
[WhiteFideId "-1"]
[WhiteFideId "-1"]
[PlyCount "91"]
[GameId "2191334059372544"]
[EventDate "2025.??.??"]

1. Nf3 Nf6 2. c4 e6 3. d4 b6 4. g3 Ba6 5. Nbd2 Bb7 6. Bg2 Be7 7. Qc2 d5 8. b3 O-O 9. Bb2 Nbd7 10. O-O Rc8 11. Rac1 c5 12. Qb1 dxc4 13. Nxc4 cxd4 14. Bxd4 b5 15. Nce5 Nxe5 16. Bxe5 Qa5 17. Rxc8 Rxc8 18. Rc1 Rxc1+ 19. Qxc1 h6 20. Nd4 Bxg2 21. Kxg2 b4 22. Qc8+ Kh7 23. Qc2+ Kg8 24. Nc6 Qd5+ 25. e4 Qd7 26. Nxe7+ Qxe7 27. Qc6 Ng4 28. Bd4 a5 29. Qa8+ Kh7 30. Qxa5 Qb7 31. f3 Nf6 32. Bc5 h5 33. Qxb4 Qa6 34. Qd2 Qb5 35. Qc2 g6 36. a4 Qc6 37. Qc3 e5 38. Bd4 Qa6 39. Bf2 h4 40. Qc4 Qb7 41. g4 Qd7 42. h3 g5 43. a5 Kg6 44. a6 Ne8 45. a7 Nc7 46. Qxc7 1-0

[Event "Peter Stuart Memorial Open 2025"]
[Site "Takapuna, Auckland, New Zealan"]
[Date "2025.06.21"]
[Round "5.5"]
[White "Slater-Jones, Henry"]
[Black "Piwari, Dylan Tama"]
[Result "1-0"]
[WhiteElo "1927"]
[BlackElo "1966"]
[WhiteFideId "-1"]
[WhiteFideId "-1"]
[PlyCount "81"]
[GameId "2191334059372544"]
[EventDate "2025.??.??"]

1. d4 d6 2. c4 Nf6 3. Nc3 g6 4. e4 Bg7 5. h3 O-O 6. Be3 Nbd7 7. Nf3 b6 8. Bd3 Bb7 9. d5 c6 10. O-O Re8 11. Rc1 Nc5 12. Bc2 Rc8 13. b4 Ncd7 14. Bb3 a6 15. Qd3 a5 16. a3 Ra8 17. dxc6 Bxc6 18. Nd4 Bb7 19. Nd5 Ne5 20. Qb1 axb4 21. axb4 Ned7 22. Nb5 Nxd5 23. exd5 Ba6 24. Nd4 Bb7 25. Nc6 Qc7 26. Nd4 Rec8 27. Rfd1 Nf6 28. Qd3 Qd8 29. Nb5 Nd7 30. Bd4 Ba6 31. Bxg7 Kxg7 32. Nd4 Bb7 33. Qe2 Nf6 34. Re1 Rc7 35. Nb5 Rd7 36. Qb2 Kg8 37. Rc3 Ba6 38. Nd4 Rc7 39. Nc6 Qf8 40. Rce3 Re8 41. Qxf6 1-0

[Event "Peter Stuart Memorial Open 2025"]
[Site "Takapuna, Auckland, New Zealan"]
[Date "2025.06.21"]
[Round "5.6"]
[White "McLaren, Leonard J"]
[Black "Wilson, Dion A"]
[Result "1-0"]
[WhiteElo "2042"]
[BlackElo "1904"]
[WhiteFideId "-1"]
[WhiteFideId "-1"]
[PlyCount "47"]
[GameId "2191334059376640"]
[EventDate "2025.??.??"]

1. e4 d6 2. d4 Nf6 3. Nc3 e5 4. Nf3 exd4 5. Nxd4 Be7 6. g3 d5 7. e5 Ng8 8. Bg2 c6 9. O-O Bb4 10. f4 Ne7 11. f5 O-O 12. Bg5 Qc7 13. f6 Ng6 14. fxg7 Re8 15. Bxd5 Bxc3 16. Bxf7+ Qxf7 17. Rxf7 Bxd4+ 18. Qxd4 Kxf7 19. e6+ Kg8 20. Re1 b5 21. Qf6 Re7 22. Rf1 Nd7 23. exd7 Bxd7 24. Bh6 1-0

[Event "Peter Stuart Memorial Open 2025"]
[Site "Takapuna, Auckland, New Zealan"]
[Date "2025.06.21"]
[Round "5.7"]
[White "Isaac, Ceferino"]
[Black "Tew, Yao Zen Markis"]
[Result "0-1"]
[WhiteElo "1769"]
[BlackElo "1936"]
[WhiteFideId "-1"]
[WhiteFideId "-1"]
[PlyCount "41"]
[GameId "2191334059376640"]
[EventDate "2025.??.??"]

1. Nf3 d5 2. e3 Nf6 3. c4 e6 4. b3 Nbd7 5. Bb2 Bd6 6. d4 b6 7. Nc3 a6 8. cxd5 exd5 9. Bd3 O-O 10. Qc2 Bb7 11. Ne2 Qe7 12. Ng3 g6 13. Rc1 Rac8 14. O-O Ng4 15. Rce1 f5 16. Ne2 Ngf6 17. Nf4 Ne4 18. g3 Rce8 19. h4 Qf6 20. Kg2 Rf7 21. Qd2 0-1

[Event "Peter Stuart Memorial Open 2025"]
[Site "Takapuna, Auckland, New Zealan"]
[Date "2025.06.21"]
[Round "5.8"]
[White "Tao, Junqing Jerome"]
[Black "Jiang, Patrick Di"]
[Result "1/2-1/2"]
[WhiteElo "1784"]
[BlackElo "1673"]
[WhiteFideId "-1"]
[WhiteFideId "-1"]
[PlyCount "62"]
[GameId "2191334059380736"]
[EventDate "2025.??.??"]

1. e4 c5 2. c3 d5 3. exd5 Qxd5 4. d4 g6 5. Nf3 Bg7 6. Be3 cxd4 7. Bxd4 Nf6 8. Be2 O-O 9. O-O Nc6 10. Na3 Bg4 11. h3 Bf5 12. Bc4 Qd7 13. Bb5 Rad8 14. Qa4 a6 15. Bxc6 Qxc6 16. Qxc6 bxc6 17. Rfe1 Rfe8 18. Ne5 Rc8 19. Nec4 Nd5 20. Bxg7 Kxg7 21. Rad1 Be6 22. Ne5 Red8 23. Nc2 c5 24. Nf3 h6 25. c4 Nf4 26. Ne3 Nd3 27. Re2 Nb4 28. Rxd8 Rxd8 29. a3 Nc6 30. Kf1 Nd4 31. Rd2 Rd6 1/2-1/2

[Event "Peter Stuart Memorial Open 2025"]
[Site "Takapuna, Auckland, New Zealan"]
[Date "2025.06.21"]
[Round "5.9"]
[White "Johns, Daniel P"]
[Black "Braganza, Nadia"]
[Result "0-1"]
[WhiteElo "1673"]
[BlackElo "1818"]
[WhiteFideId "-1"]
[WhiteFideId "-1"]
[PlyCount "76"]
[GameId "2191334059380736"]
[EventDate "2025.??.??"]

1. e4 d6 2. d4 Nf6 3. Nc3 e5 4. dxe5 dxe5 5. Qxd8+ Kxd8 6. Bc4 Ke8 7. f3 c6 8. a3 b5 9. Ba2 Bc5 10. Bg5 Nbd7 11. O-O-O h6 12. Bh4 g5 13. Bg3 a5 14. Rd3 Ba6 15. Nd1 b4 16. c4 Bd4 17. Ne2 c5 18. a4 Ke7 19. b3 Nh5 20. Ne3 Bxe3+ 21. Rxe3 f6 22. Rd1 Rad8 23. Bf2 Nb8 24. Red3 Rxd3 25. Rxd3 Nd7 26. g3 Bb7 27. Bb1 Ng7 28. Rd2 Ne6 29. Bc2 Nd4 30. Ng1 h5 31. Bxd4 cxd4 32. Nh3 g4 33. Ng1 Nc5 34. f4 Ke6 35. Rd1 Bxe4 36. Bxe4 Nxe4 37. Re1 Nc5 38. Ne2 Nd3+ 0-1

[Event "Peter Stuart Memorial Open 2025"]
[Site "Takapuna, Auckland, New Zealan"]
[Date "2025.06.21"]
[Round "5.10"]
[White "Hettiarachchi, Buthsara"]
[Black "Hwang, Ryan"]
[Result "1/2-1/2"]
[WhiteElo "1850"]
[BlackElo "1685"]
[WhiteFideId "-1"]
[WhiteFideId "-1"]
[PlyCount "168"]
[GameId "2191334059380736"]
[EventDate "2025.??.??"]

1. e4 c5 2. Nc3 Nc6 3. f4 d6 4. Nf3 Bg4 5. Bb5 a6 6. Bxc6+ bxc6 7. O-O d5 8. d3 e6 9. h3 Bxf3 10. Qxf3 f6 11. Qe2 Qd7 12. Na4 Rb8 13. Kh1 Nh6 14. b3 f5 15. e5 d4 16. Ba3 Qd5 17. Qd2 Qd8 18. Bxc5 Qd5 19. b4 Bxc5 20. Nxc5 Ra8 21. Nb3 O-O 22. a3 Nf7 23. Qf2 Rfd8 24. Kg1 Kh8 25. Rfe1 g5 26. fxg5 Nxg5 27. h4 Nf7 28. Qf3 Nxe5 29. Qxd5 Rxd5 30. Re2 Kg7 31. Rae1 Kf6 32. Nxd4 Rg8 33. Re3 f4 34. Re4 f3 35. Rf4+ Ke7 36. Nxf3 Nxf3+ 37. Rxf3 Rd4 38. Rfe3 Rg6 39. Re4 Rd5 40. Re5 Kd6 41. R5e4 a5 42. Kh2 axb4 43. axb4 Rf6 44. R1e2 Rdf5 45. Rd4+ Kc7 46. Rg4 Kd6 47. Rge4 Rf4 48. Kg3 R4f5 49. R2e3 h5 50. Rf3 Rg6+ 51. Kf2 Kd5 52. c4+ Kd6 53. Rxf5 exf5 54. Re8 Rg4 55. g3 f4 56. gxf4 Rxf4+ 57. Kg3 Rg4+ 58. Kh3 Kd7 59. Re5 Rd4 60. Re3 Kd6 61. Kg3 Rg4+ 62. Kh3 Rd4 63. Kg2 Rg4+ 64. Rg3 Rxh4 65. Rh3 Rd4 66. Kf2 h4 67. Ke3 Ke5 68. Rf3 Rg4 69. Rf8 Rg3+ 70. Kd2 h3 71. Rh8 Rg2+ 72. Kc3 h2 73. Rh4 Ra2 74. Rh5+ Kf4 75. Kd4 Kg3 76. Kc5 Ra6 77. b5 cxb5 78. cxb5 Ra3 79. d4 Kg2 80. Rxh2+ Kxh2 81. b6 Kg3 82. b7 Rb3 83. Kc6 Kf4 84. Kc7 Ke4 1/2-1/2

[Event "Peter Stuart Memorial Open 2025"]
[Site "Takapuna, Auckland, New Zealan"]
[Date "2025.06.21"]
[Round "5.11"]
[White "Truong, Minh Nhat (sunny)"]
[Black "Wright, Caleb"]
[Result "1/2-1/2"]
[WhiteElo "1613"]
[BlackElo "1805"]
[WhiteFideId "-1"]
[WhiteFideId "-1"]
[PlyCount "48"]
[GameId "2191334059384832"]
[EventDate "2025.??.??"]

1. d4 d5 2. Nf3 Nf6 3. Bg5 e6 4. e3 Be7 5. Bd3 h6 6. Bh4 O-O 7. Ne5 Nfd7 8. Bg3 Nxe5 9. Bxe5 Bd6 10. Bg3 b6 11. Nd2 Bb7 12. f4 f5 13. O-O Nd7 14. Nf3 Qe8 15. Qe2 Nf6 16. c3 Rc8 17. a4 a5 18. b3 c6 19. Rac1 Rc7 20. Rfe1 Rff7 21. Bh4 Ne4 22. Nd2 Nxd2 23. Qxd2 c5 24. Qe2 Bc6 1/2-1/2

[Event "Peter Stuart Memorial Open 2025"]
[Site "Takapuna, Auckland, New Zealan"]
[Date "2025.06.21"]
[Round "5.12"]
[White "Wang, Leon"]
[Black "Xu, Luna Yuexiu"]
[Result "0-1"]
[WhiteElo "1594"]
[BlackElo "1778"]
[WhiteFideId "-1"]
[WhiteFideId "-1"]
[PlyCount "62"]
[GameId "2191334059384832"]
[EventDate "2025.??.??"]

1. e4 c5 2. Nf3 d6 3. d4 Nf6 4. dxc5 Nxe4 5. cxd6 Nxd6 6. Be2 Nc6 7. O-O g6 8. Nc3 Bg7 9. Nb5 O-O 10. Nxd6 exd6 11. c3 Re8 12. Bc4 Bg4 13. Bxf7+ Kxf7 14. Ng5+ Qxg5 15. Bxg5 Bxd1 16. Raxd1 Ke6 17. Rfe1+ Kd7 18. Rxe8 Rxe8 19. Bf4 Ne5 20. h3 Nf7 21. Be3 a6 22. Rd3 Bh6 23. Bxh6 Nxh6 24. c4 Re2 25. c5 Nf7 26. Rb3 Kc6 27. cxd6 Nxd6 28. Rc3+ Kd7 29. Rb3 Rc2 30. f3 Kc6 31. Kh2 Nc4 0-1

[Event "Peter Stuart Memorial Open 2025"]
[Site "Takapuna, Auckland, New Zealan"]
[Date "2025.06.21"]
[Round "5.13"]
[White "Sussex, Taylor"]
[Black "Sun, Oliver"]
[Result "0-1"]
[WhiteElo "1606"]
[BlackElo "1712"]
[WhiteFideId "-1"]
[WhiteFideId "-1"]
[PlyCount "43"]
[GameId "2191334059388928"]
[EventDate "2025.??.??"]

1. e4 c6 2. d4 d5 3. e5 c5 4. c3 Nc6 5. Nf3 Bg4 6. dxc5 e6 7. Be3 Bxf3 8. Qxf3 Nxe5 9. Bb5+ Nd7 10. c4 Ngf6 11. Nc3 Rc8 12. cxd5 Nxd5 13. O-O-O Bxc5 14. Rxd5 exd5 15. Bxc5 Rxc5 16. Qg4 O-O 17. Bxd7 Rc4 18. Qf5 d4 19. Bb5 dxc3 20. Kb1 Rb4 21. b3 Qd2 22. Qg5 0-1

[Event "Peter Stuart Memorial Open 2025"]
[Site "Takapuna, Auckland, New Zealan"]
[Date "2025.06.21"]
[Round "5.14"]
[White "Young, Cohen"]
[Black "Fabay, Jenre Angelo"]
[Result "1-0"]
[WhiteElo "2060"]
[BlackElo "1697"]
[WhiteFideId "-1"]
[WhiteFideId "-1"]
[PlyCount "63"]
[GameId "2191334059388928"]
[EventDate "2025.??.??"]

1. e4 c5 2. Nf3 Nc6 3. d4 cxd4 4. Nxd4 e5 5. Nb5 d6 6. c4 a6 7. N5c3 Nf6 8. Na3 Be7 9. Nc2 Be6 10. Be2 O-O 11. Be3 Nd7 12. Qd2 f5 13. exf5 Bxf5 14. O-O Be6 15. Rad1 Qe8 16. Ne4 Bf5 17. Bd3 Bxe4 18. Bxe4 Rd8 19. g3 Nf6 20. Bg2 b5 21. Bg5 Rc8 22. cxb5 axb5 23. Bxf6 Rxf6 24. Qd5+ Kh8 25. Qxb5 Qg6 26. Bxc6 Qxc2 27. Rc1 Qd2 28. Qb7 Rcf8 29. Qxe7 R6f7 30. Rcd1 Qe2 31. Qxd6 Rxf2 32. Qxf8+ 1-0

[Event "Peter Stuart Memorial Open 2025"]
[Site "Takapuna, Auckland, New Zealan"]
[Date "2025.06.21"]
[Round "5.15"]
[White "Liu, Brian"]
[Black "Sun, Wanyao Sarah"]
[Result "1/2-1/2"]
[WhiteElo "1725"]
[BlackElo "1818"]
[WhiteFideId "-1"]
[WhiteFideId "-1"]
[PlyCount "205"]
[GameId "2191334059388928"]
[EventDate "2025.??.??"]

1. e4 c6 2. d4 d5 3. e5 Bf5 4. c3 e6 5. Nf3 Ne7 6. Bd3 Nd7 7. O-O Bg6 8. Be3 Nf5 9. Bxf5 Bxf5 10. Nbd2 Be7 11. b4 O-O 12. Nb3 b6 13. a4 Rc8 14. Qe2 c5 15. bxc5 bxc5 16. dxc5 Nxc5 17. Nxc5 Bxc5 18. Bd4 Qb6 19. Rfd1 Be4 20. Ng5 Bxd4 21. cxd4 Rc2 22. Qb5 Qc7 23. Nxe4 dxe4 24. Rab1 h6 25. Qb7 Qc4 26. Qxe4 Qxa4 27. Ra1 Ra2 28. Rab1 a5 29. g3 Rc8 30. Qd3 Qc2 31. Qxc2 Rcxc2 32. Rf1 a4 33. Ra1 Rxf2 34. Rxf2 Rxa1+ 35. Kg2 a3 36. Rf3 a2 37. Ra3 Kh7 38. Ra7 Kg6 39. g4 Kg5 40. Kh3 Kf4 41. Rxf7+ Ke4 42. Ra7 Kxd4 43. Ra5 g5 44. Kg2 Ke3 45. h3 Ke2 46. Ra3 Kd2 47. Ra8 Kc3 48. Ra7 Kd4 49. Ra5 Ke4 50. Kh2 Kd3 51. Kg2 Kc3 52. Ra8 Kb3 53. Rb8+ Ka4 54. Ra8+ Kb5 55. Rb8+ Kc6 56. Ra8 Kd7 57. Ra6 Ke7 58. Ra7+ Kf8 59. Kh2 Re1 60. Rxa2 Rxe5 61. Ra7 Re2+ 62. Kg3 Kg8 63. Re7 Re4 64. Kf3 Rf4+ 65. Ke2 Rf6 66. Ke3 Rf1 67. Ke2 Rh1 68. Rxe6 Rxh3 69. Kf2 Kf7 70. Ra6 Kg7 71. Kg2 Re3 72. Kf2 Re4 73. Kf3 Rf4+ 74. Kg3 Rf6 75. Ra7+ Kg6 76. Ra8 Rc6 77. Rh8 Rc1 78. Ra8 Rc6 79. Rh8 Kg7 80. Ra8 Kf6 81. Ra5 Ke7 82. Ra7+ Kd6 83. Ra5 Kc7 84. Rb5 Ra6 85. Rc5+ Rc6 86. Rb5 Kd7 87. Rb7+ Kd6 88. Rb5 Rc3+ 89. Kg2 Kc6 90. Ra5 Kb6 91. Rf5 Rc6 92. Kg3 Kc7 93. Rb5 Kd6 94. Ra5 Ke6 95. Rb5 Kf6 96. Ra5 Kg6 97. Ra8 Rc3+ 98. Kg2 Rc6 99. Kg3 Rf6 100. Rg8+ Kf7 101. Ra8 Kg7 102. Ra7+ Kg6 103. Ra8 1/2-1/2

[Event "Peter Stuart Memorial Open 2025"]
[Site "Takapuna, Auckland, New Zealan"]
[Date "2025.06.21"]
[Round "5.16"]
[White "Nimmakayala, Srirama Vikhyath"]
[Black "Kerr, Grant"]
[Result "1/2-1/2"]
[WhiteElo "1675"]
[BlackElo "1782"]
[WhiteFideId "-1"]
[WhiteFideId "-1"]
[PlyCount "67"]
[GameId "2191334059393024"]
[EventDate "2025.??.??"]

1. d4 Nf6 2. c4 g6 3. Nc3 Bg7 4. e4 d6 5. Nf3 O-O 6. Be2 e5 7. O-O Nc6 8. d5 Ne7 9. Ne1 Nd7 10. Be3 f5 11. f3 f4 12. Bf2 g5 13. b4 Ng6 14. c5 Nf6 15. cxd6 cxd6 16. Rc1 Ne8 17. Nb5 a6 18. Na7 Bd7 19. a4 Qb8 20. Nc6 bxc6 21. dxc6 Be6 22. b5 axb5 23. axb5 Ra2 24. b6 Ne7 25. c7 Qb7 26. Ra1 Rxa1 27. Qxa1 Nxc7 28. bxc7 Qxc7 29. Nd3 Qc2 30. Re1 Rc8 31. Qa3 Qc7 32. Rd1 Bf8 33. Qa1 Qc3 34. Qb1 1/2-1/2

[Event "Peter Stuart Memorial Open 2025"]
[Site "Takapuna, Auckland, New Zealan"]
[Date "2025.06.21"]
[Round "5.17"]
[White "Pei, Yanshuo"]
[Black "Nazeer, Afique M"]
[Result "1-0"]
[WhiteElo "1727"]
[BlackElo "1610"]
[WhiteFideId "-1"]
[WhiteFideId "-1"]
[PlyCount "71"]
[GameId "2191334059397120"]
[EventDate "2025.??.??"]

1. d4 Nf6 2. c4 g6 3. Nc3 e6 4. e4 Bg7 5. Be2 d5 6. e5 Ne4 7. h4 c5 8. cxd5 Nxc3 9. bxc3 Qxd5 10. Bf3 Qd8 11. Ne2 O-O 12. h5 Nc6 13. hxg6 fxg6 14. Be3 Qe7 15. Qc1 cxd4 16. cxd4 Bd7 17. Rb1 Rab8 18. Bg5 Qf7 19. Qe3 b6 20. Ng3 Rfc8 21. Ne4 Qf8 22. Bf6 Be8 23. Bxg7 Qxg7 24. Nf6+ Kh8 25. Rxh7+ Qxh7 26. Nxh7 Kxh7 27. Ke2 Ne7 28. Rh1+ Kg8 29. Qh6 Bb5+ 30. Kd2 Kf7 31. Qg5 Ng8 32. Rh7+ Kf8 33. Qf4+ Ke8 34. Qf7+ Kd8 35. Qxg8+ Be8 36. Qxe6 1-0

[Event "Peter Stuart Memorial Open 2025"]
[Site "Takapuna, Auckland, New Zealan"]
[Date "2025.06.21"]
[Round "5.18"]
[White "Powlesland, Brogan"]
[Black "Fang, Maximilian"]
[Result "0-1"]
[WhiteElo "1652"]
[BlackElo "1699"]
[WhiteFideId "-1"]
[WhiteFideId "-1"]
[PlyCount "68"]
[GameId "2191334059397120"]
[EventDate "2025.??.??"]

1. d4 Nf6 2. c4 g6 3. f3 Bg7 4. e4 O-O 5. Nc3 d6 6. Be3 Nfd7 7. Qd2 e5 8. g4 exd4 9. Bxd4 Ne5 10. h4 Nbc6 11. Be3 Be6 12. Nd5 Ne7 13. O-O-O Bxd5 14. exd5 c6 15. dxc6 N5xc6 16. h5 Qa5 17. Qxa5 Nxa5 18. Rxd6 Rac8 19. b3 b5 20. c5 Nb7 21. Rd7 Nxc5 22. Rxe7 Rfd8 23. Be2 Nxb3+ 24. Kb1 Nd2+ 25. Bxd2 Rxd2 26. Bc4 Rb2+ 27. Kc1 Rxc4+ 28. Kd1 Rxa2 29. Re8+ Bf8 30. hxg6 hxg6 31. f4 a5 32. f5 Rxg4 33. f6 Rxg1+ 34. Rxg1 Ra1+ 0-1

[Event "Peter Stuart Memorial Open 2025"]
[Site "Takapuna, Auckland, New Zealan"]
[Date "2025.06.21"]
[Round "5.19"]
[White "Wang, Cyrus"]
[Black "Aidan Prince"]
[Result "0-1"]
[WhiteElo "1636"]
[BlackElo "1663"]
[WhiteFideId "-1"]
[WhiteFideId "-1"]
[PlyCount "162"]
[GameId "2191334059397120"]
[EventDate "2025.??.??"]

1. e4 e5 2. Nf3 Nc6 3. Bb5 Bc5 4. O-O d6 5. c3 a6 6. Ba4 b5 7. Bc2 Bg4 8. h3 Bh5 9. d3 h6 10. Be3 Ba7 11. Bxa7 Nxa7 12. Nbd2 Nf6 13. a4 O-O 14. axb5 axb5 15. Ra6 Nd7 16. Qa1 Qb8 17. d4 exd4 18. cxd4 Qb7 19. Re1 Nb8 20. Ra3 Nbc6 21. d5 Nb4 22. Bb3 c5 23. dxc6 Naxc6 24. Re3 Rfd8 25. Ne1 d5 26. exd5 Nxd5 27. Bxd5 Rxa3 28. Qxa3 Rxd5 29. Rd3 Ne5 30. Rxd5 Qxd5 31. Nef3 Nxf3+ 32. Nxf3 Bxf3 33. Qxf3 Qxf3 34. gxf3 Kf8 35. Kf1 Ke7 36. Ke2 Kd6 37. Kd3 Kc5 38. Kc3 b4+ 39. Kd3 g5 40. b3 Kd5 41. Ke3 f5 42. Ke2 Kd4 43. Kd2 h5 44. Kc2 g4 45. fxg4 fxg4 46. h4 Ke4 47. Kd2 Kf3 48. Ke1 g3 49. fxg3 Kxg3 50. Kf1 Kxh4 51. Kg2 Kg4 52. Kf2 h4 53. Kg2 h3+ 54. Kh2 Kf3 55. Kxh3 Ke3 56. Kg3 Kd3 57. Kf3 Kc3 58. Ke2 Kxb3 59. Kd1 Ka2 60. Kc1 b3 61. Kd2 b2 62. Ke3 b1=Q 63. Kd4 Qc2 64. Kd5 Qc3 65. Ke4 Kb3 66. Kd5 Kb4 67. Ke4 Qd2 68. Ke5 Qd3 69. Kf4 Qe2 70. Kf5 Qe3 71. Kf6 Qe4 72. Kg5 Qf3 73. Kg6 Qf4 74. Kg7 Qf5 75. Kh8 Qd7 76. Kg8 Qe7 77. Kh8 Kc5 78. Kg8 Kd5 79. Kh8 Ke6 80. Kg8 Kf6 81. Kh8 Qg7# 0-1

[Event "Peter Stuart Memorial Open 2025"]
[Site "Takapuna, Auckland, New Zealan"]
[Date "2025.06.21"]
[Round "5.20"]
[White "Zhou, Martin"]
[Black "Ng, Lok Jim (Lauren)"]
[Result "0-1"]
[WhiteElo "1654"]
[BlackElo "1692"]
[WhiteFideId "-1"]
[WhiteFideId "-1"]
[PlyCount "64"]
[GameId "2191334059401216"]
[EventDate "2025.??.??"]

1. e4 c5 2. Nc3 Nc6 3. g3 g6 4. Bg2 Bg7 5. f4 d6 6. Nf3 e6 7. O-O Nge7 8. d3 O-O 9. Ne2 Rb8 10. c3 b5 11. Be3 Bb7 12. g4 c4 13. d4 d5 14. e5 f5 15. exf6 Bxf6 16. Ne5 a6 17. Ng3 Nxe5 18. dxe5 Bg7 19. Bd4 Qc7 20. Qe2 Rbe8 21. Rae1 Nc6 22. f5 exf5 23. Bxd5+ Kh8 24. Bxc6 Qxc6 25. gxf5 gxf5 26. Rf2 f4 27. Ne4 Bxe5 28. Qd2 Qe6 29. Ng3 fxg3 30. Rxf8+ Rxf8 31. Rxe5 gxh2+ 32. Qxh2 Qg4+ 0-1

[Event "Peter Stuart Memorial Open 2025"]
[Site "Takapuna, Auckland, New Zealan"]
[Date "2025.06.22"]
[Round "5.21"]
[White "Barry, Jacob"]
[Black "Hall, John Robert"]
[Result "1-0"]
[WhiteElo "1606"]
[BlackElo "1775"]
[WhiteFideId "-1"]
[WhiteFideId "-1"]
[PlyCount "67"]
[GameId "2203356694393470"]
[EventDate "2025.??.??"]

1. e4 e5 2. Nf3 Nc6 3. Bb5 a6 4. Ba4 b5 5. Bb3 Bc5 6. c3 d6 7. d4 exd4 8. cxd4 Bb4+ 9. Bd2 Bg4 10. Bxb4 Nxb4 11. Bxf7+ Kxf7 12. Qb3+ Be6 13. Qxb4 h6 14. Qd2 Qf6 15. e5 Qf5 16. O-O Ne7 17. Nc3 d5 18. Ne2 g5 19. Ng3 Qg6 20. Rac1 c6 21. Ne1 Bf5 22. Nxf5 Nxf5 23. g4 Ne7 24. f4 Qe4 25. fxg5+ Kg7 26. Qf4 Qxf4 27. Rxf4 hxg5 28. Rf6 Rh6 29. Rxh6 Kxh6 30. Nd3 a5 31. Rf1 Kg7 32. Nc5 Ng8 33. Ne6+ Kg6 34. Rf5 1-0

[Event "Peter Stuart Memorial Open 2025"]
[Site "Takapuna, Auckland, New Zealan"]
[Date "2025.06.17"]
[Round "6.1"]
[White "Ang, Alphaeus Wei Ern"]
[Black "Xie, Felix"]
[Result "1-0"]
[WhiteElo "2377"]
[BlackElo "2366"]
[WhiteFideId "-1"]
[WhiteFideId "-1"]
[PlyCount "143"]
[GameId "2189708892430336"]
[EventDate "2025.??.??"]

1. d4 Nf6 2. c4 e6 3. Nf3 c5 4. d5 b5 5. Bg5 exd5 6. cxd5 h6 7. Bh4 g5 8. Bg3 Bg7 9. e3 Ne4 10. Qc2 Qa5+ 11. Nbd2 Nxg3 12. hxg3 d6 13. a4 a6 14. Be2 Nd7 15. O-O b4 16. Nc4 Qc7 17. a5 O-O 18. Nfd2 Bb7 19. Qf5 Nf6 20. Nb6 Rae8 21. Ndc4 Re7 22. Bd3 Rfe8 23. Rfe1 Re5 24. Nxe5 Rxe5 25. Qf3 Nxd5 26. Nxd5 Bxd5 27. e4 Bb7 28. Bc4 Qe7 29. Re3 Bxe4 30. Qe2 d5 31. Bxa6 d4 32. Rxe4 Rxe4 33. Qf3 g4 34. Qf5 Qe6 35. Qxe6 Rxe6 36. Bc4 Re7 37. a6 Ra7 38. b3 Bf8 39. Re1 Be7 40. Re4 Kf8 41. Rxg4 Bd8 42. Rf4 f6 43. Rf5 Rc7 44. Kf1 Be7 45. Bd5 c4 46. Bxc4 Kg7 47. Ke2 Bc5 48. Kd3 Kg6 49. g4 Kg7 50. Rd5 Kg6 51. Bb5 Ba7 52. Be8+ Kg7 53. Rd7+ Rxd7 54. Bxd7 Kf7 55. f3 Ke7 56. Bb5 Kd6 57. Ke4 Ke6 58. Bc4+ Ke7 59. Kd5 Kd7 60. Bb5+ Kc7 61. Ke6 d3 62. Bxd3 Bd4 63. Be4 Kb6 64. Bb7 Kc7 65. Kf5 Kd6 66. Kg6 Ke7 67. Kxh6 Kf7 68. Bd5+ Ke7 69. Kg6 Be3 70. Kf5 Kd6 71. Bc4 Ke7 72. f4 1-0

[Event "Peter Stuart Memorial Open 2025"]
[Site "Takapuna, Auckland, New Zealan"]
[Date "2025.06.22"]
[Round "6.2"]
[White "Mao, Daqi"]
[Black "Jin, Yanbo"]
[Result "1-0"]
[WhiteElo "2151"]
[BlackElo "1973"]
[WhiteFideId "-1"]
[WhiteFideId "-1"]
[PlyCount "83"]
[GameId "2191408114036736"]
[EventDate "2025.??.??"]

1. d4 d5 2. c4 dxc4 3. e3 e6 4. Bxc4 Nf6 5. Nf3 c5 6. O-O a6 7. Nbd2 Nc6 8. dxc5 Bxc5 9. Qc2 Qe7 10. a3 b5 11. b4 bxc4 12. Qxc4 Na5 13. Qxc5 Qxc5 14. bxc5 Nd7 15. Bb2 Nxc5 16. Bxg7 Rg8 17. Bc3 Ncb3 18. Nxb3 Nxb3 19. Rab1 Bb7 20. Nh4 Bd5 21. Rfd1 Rb8 22. Bf6 Rg4 23. f3 Ra4 24. e4 Bc4 25. Rd6 Kf8 26. Rc6 Ke8 27. Rc7 Bd3 28. Rd1 Bb5 29. Be7 Rc4 30. Ra7 Rbc8 31. Bd6 Bd7 32. Rxa6 Ra4 33. Rb6 Na5 34. Bb4 Nc6 35. Rb7 Rd8 36. Bc5 Ra5 37. Bb4 Ra7 38. Rxa7 Nxa7 39. f4 e5 40. fxe5 Bc6 41. Re1 Kd7 42. Rf1 1-0